Berkeley Square House (Record no. 116373)

MARC details
000 -LEADER
fixed length control field 00782cam a22001935a 4500
001 - CONTROL NUMBER
control field L140583
008 - FIXED-LENGTH DATA ELEMENTS--GENERAL INFORMATION
fixed length control field 071001s1938 xxk eng u
035 ## - SYSTEM CONTROL NUMBER
System control number (Sirsi) u140583
041 0# - LANGUAGE CODE
Language code of text/sound track or separate title eng
110 2# - MAIN ENTRY--CORPORATE NAME
Corporate name or jurisdiction name as entry element Knight Frank and Rutley
9 (RLIN) 1990
245 00 - TITLE STATEMENT
Title Berkeley Square House
Remainder of title Berkeley Square, London
260 ## - PUBLICATION, DISTRIBUTION, ETC.
Place of publication, distribution, etc. London
Name of publisher, distributor, etc. Knight Frank and Rutley
Date of publication, distribution, etc. [1938]
300 ## - PHYSICAL DESCRIPTION
Extent [16] p.
Other physical details ill, map, envelope
Dimensions 38 cm.
351 ## - ORGANIZATION AND ARRANGEMENT OF MATERIALS
Hierarchical level Single item
500 ## - GENERAL NOTE
General note Publicity booklet for Berkeley Sqaure House, London, discussing features such as the design and construction, and services and amenities, and setting out the conditions of letting and accommodation available. Illustrated with artist's impressions of the finished building.
651 4# - SUBJECT ADDED ENTRY--GEOGRAPHIC NAME
Geographic name London
690 ## - LOCAL SUBJECT ADDED ENTRY--TOPICAL TERM (OCLC, RLIN)
Topical term or geographic name as entry element PROPERTY
942 ## - ADDED ENTRY ELEMENTS (KOHA)
Suppress in OPAC 0
Holdings
Withdrawn status Lost status Source of classification or shelving scheme Damaged status Not for loan Home library Current library Shelving location Date acquired Total Checkouts Full call number Barcode Date last seen Copy number Price effective from Koha item type
    Dewey Decimal Classification     Historic collection Historic collection Historic collection 01/10/2007   MAP CABINET DRAWER 6 140583-2001 06/08/2019 1 06/08/2019 Archive
    Dewey Decimal Classification     Historic collection Historic collection Historic collection 01/10/2007   MAP CABINET DRAWER 6 140583-2002 06/08/2019 2 06/08/2019 Archive